アルゴリズムたいそう 歌詞 - Statistics

General Stats
  • This quiz has been taken 54 times
  • The average score is 41 of 52
Answer Stats
Answer % Correct
あら
98%
あら
98%
てをよこに
96%
あぶない
96%
てをよこに
96%
あぶない
96%
ぐる
91%
ぐる
91%
あたまをさげれば
89%
ぶつかりません
89%
あたまをさげれば
89%
だいじょうぶ
87%
すって
85%
すって
85%
まえならえ
83%
まえならえ
83%
まえならえ
83%
まえならえ
83%
ぱっちん
83%
ぱっちん
83%
ぱっちん
83%
ぱっちん
83%
ぱっちん
83%
ぱっちん
83%
ぱっちん
83%
ぱっちん
83%
しんこきゅう
83%
しんこきゅう
83%
ぐーる
80%
ぐーる
80%
あっちむいて
78%
あっちむいて
78%
ぐるぐるぐる
78%
ぐるぐるぐる
78%
ぐるぐるぐる
78%
ぐるぐるぐる
78%
こっちむいて
76%
ふたりで
76%
ふたりで
76%
こっちむいて
76%
ふたりで
76%
ふたりで
76%
はくのが
70%
はくのが
70%
ガシン
48%
ガシン
48%
ガシン
48%
ガシン
48%
ガシン
48%
ガシン
48%
ガシン
48%
ガシン
48%
No matching quizzes found
Score Distribution
Percent of People with Each Score
Percentile by Number Answered
Your Score History
You have not taken this quiz